| 000 | 00676nam a2200217Ia 4500 | ||
|---|---|---|---|
| 999 |
_c50682 _d50682 |
||
| 001 | 17633 | ||
| 003 | GE_BSU | ||
| 005 | 20200220151729.0 | ||
| 008 | 181216s2012tu xx |||||||||||||| ||tur|| | ||
| 040 | _cGE_BSU | ||
| 041 | _atur | ||
| 080 | _a902/908 M-11 | ||
| 100 |
_aMavis Sevket _97266 |
||
| 245 |
_aSINOP: Sinop special provincial administration publications / _cSevket Mavis. |
||
| 264 |
_aTurkiye : _bSinop Valiligi, _c2012. |
||
| 300 |
_a251 p; _bill, _c23 cm. |
||
| 653 | _aGeography,Historial,Cultural And Archeological values | ||
| 653 | _aSINOP | ||
| 653 | _aარქეოლოგია,მხარეთმცოდნეობა | ||
| 942 |
_cBK _2udc |
||